Le projet reformateur
Đã lưu trong:
| Hovedforfatter: | |
|---|---|
| Format: | Bog |
| Sprog: | Undetermined |
| Udgivet: |
Geneva
Robert Laffont
1973
|
| Fag: | |
| Tags: |
Tilføj Tag
Ingen Tags, Vær først til at tagge denne postø!
|
| Thư viện lưu trữ: | Trung tâm Học liệu Trường Đại học Cần Thơ |
|---|
| LEADER | 00511nam a2200193Ia 4500 | ||
|---|---|---|---|
| 001 | CTU_83400 | ||
| 008 | 210402s9999 xx 000 0 und d | ||
| 082 | |a 338.9 | ||
| 082 | |b L455 | ||
| 100 | |a Lecanuet, Jean | ||
| 245 | 0 | |a Le projet reformateur | |
| 245 | 0 | |c Jean Lecanuet | |
| 260 | |a Geneva | ||
| 260 | |b Robert Laffont | ||
| 260 | |c 1973 | ||
| 650 | |a Economic policy,France | ||
| 650 | |x Politics and government | ||
| 904 | |i QHieu(sửa) | ||
| 980 | |a Trung tâm Học liệu Trường Đại học Cần Thơ | ||